|
|
|
|
| LEADER |
00993nam a2200229 a 4500 |
| 001 |
2708893 |
| 008 |
100720r19791998nyu 000 0 eng d |
| 010 |
|
|
|a 76057927
|
| 020 |
|
|
|a 0930452496
|
| 040 |
|
|
|a DLC
|c DLC
|d DLC
|d BD-DhAAL
|
| 082 |
0 |
0 |
|a 792/.01
|
| 100 |
1 |
|
|a Boal, Augusto.
|
| 245 |
1 |
0 |
|a Theater of the oppressed /
|c by Augusto Boal ; translated from the Spanish by Charles A. & Maria-Odilia Leal McBride.
|
| 260 |
|
|
|a New York :
|b Urizen Books,
|c 1979.[fourth printing 1998]
|
| 300 |
|
|
|a xiv, 197 p. ;
|c 30 cm.
|
| 504 |
|
|
|a Includes bibliographical references.
|
| 500 |
|
|
|a Translation of Teatro del oprimido y otras poéticas políticas.
|
| 541 |
1 |
|
|e 00007678
|
| 650 |
|
0 |
|a Theater
|x Political aspects.
|
| 852 |
4 |
|
|a Ayesha Abed Library
|j General shelf
|
| 999 |
|
|
|c 9364
|d 9364
|
| 952 |
|
|
|0 0
|1 0
|2 ddc
|4 1
|6 792_010000000000000_BOA_1998
|7 0
|9 12094
|a BRACUL
|b BRACUL
|c SPS
|d 2010-09-26
|l 0
|o 792.01 BOA
|p 3010007678
|r 2010-09-26
|t 1
|w 2010-09-26
|y BK
|x Photocopy Book. Declared as Damaged on December 10, 2023
|